| 000 | 00473nam a2200157 i 4500 | ||
|---|---|---|---|
| 001 | 46924 | ||
| 003 | ES-MaACL | ||
| 005 | 20230906161454.0 | ||
| 007 | t| | ||
| 008 | 030402s1945 ag ||||1| spa d | ||
| 100 | 1 |
_aConstantineau, Albet. _940249 |
|
| 245 | 1 | 0 |
_aTratado de la doctrina de facto / _cAlbet Constantineau. |
| 260 |
_aBuenos Aires : _bDepalma, _c1945 ( _fAlamos) |
||
| 300 |
_a2 v., 1 lám. : _b1 retr. aut. ; _c24 cm. |
||
| 852 |
_aES-MaACL _jF-5675-76 _bR.22733 |
||
| 999 |
_c46924 _d46924 |
||